'Dear BBC' : (Record no. 587694)

MARC details
000 -LEADER
fixed length control field 00483nam a2200193 a 4500
008 - FIXED-LENGTH DATA ELEMENTS--GENERAL INFORMATION
fixed length control field 250917s2001##################000#0#eng##
020 ## - INTERNATIONAL STANDARD BOOK NUMBER
ISBN 9780521780773
082 04 - DEWEY DECIMAL CLASSIFICATION NUMBER
Classification number 791.4575
Item number DAV
100 1# - MAIN ENTRY--AUTHOR NAME
Personal name Davies, Maire Messenger,
245 10 - TITLE STATEMENT
Title 'Dear BBC' :
260 ## - PUBLICATION, DISTRIBUTION, ETC. (IMPRINT)
Name of publisher Cambridge University Press,
Year of publication 2001.
300 ## - PHYSICAL DESCRIPTION
Number of Pages 288 pages
650 #0 - SUBJECT ADDED ENTRY--TOPICAL TERM
Topical Term Social Science.
942 ## - ADDED ENTRY ELEMENTS (KOHA)
Koha item type English Books
Holdings
Withdrawn status Lost status Damaged status Not for loan Home library Current library Shelving location Date acquired Full call number Accession Number Price effective from Koha item type
        Anna Centenary Library Anna Centenary Library 6TH FLOOR, B WING 17.09.2025 791.4575 DAV 194867 17.09.2025 English Books

Find us on the map